| 000 | 00498nam a2200181Ia 4500 | ||
|---|---|---|---|
| 008 | 220216s9999 xx 000 0 und d | ||
| 100 | _aThomas K K | ||
| 245 | 0 | _aDissemination of information on natural rubber by the Rubber Research Institute of India: Scientific books | |
| 260 |
_bRubber Board Bulletin _c2006 |
||
| 300 | _a24-32 | ||
| 650 | _aBooks | ||
| 650 | _aIndia | ||
| 650 | _aInformation dissemination | ||
| 650 | _aNR | ||
| 650 | _aPublications | ||
| 650 | _aRRII | ||
| 942 | _cBS | ||
| 999 |
_c51188 _d51188 |
||